[Event "VIE-ch U15 Girls"]
[Site "Hanoi"]
[Date "2022.06.16"]
[Round "8"]
[White "Tran, Phuong Vi"]
[Black "Nguyen, Tue Minh"]
[Result "1/2-1/2"]
[WhiteElo "2093"]
[BlackElo "2109"]
[PlyCount "52"]
[EventDate "2022.06.11"]
[EventType "swiss"]
[EventRounds "9"]
[EventCountry "VIE"]
[SourceTitle "EXT 2023"]
[Source "ChessBase"]
[SourceDate "2022.10.05"]
[SourceVersion "1"]
[SourceVersionDate "2022.10.05"]
[SourceQuality "1"]

1. d4 d5 2. c4 dxc4 3. e4 c5 4. d5 b5 5. Nc3 a6 6. a4 b4 7. Nb1 e5 8. Bxc4 Bd6 9. Be3 Qf6 10. Qe2 Ne7 11. Nd2 Qg6 12. f3 f5 13. Nb3 Nd7 14. Bd3 f4 15. Bd2 h5 16. Qf2 Qf6 17. Rc1 a5 18. Bb5 Kf7 19. Ne2 g5 20. Bxd7 Bxd7 21. Nxc5 Bxc5 22. Rxc5 Bxa4 23. 0-0 Rhc8 24. Rfc1 Rxc5 25. Qxc5 Qa6 26. Qf2 Nc8 1/2-1/2

[Event "VIE-ch U15 Girls"]
[Site "Hanoi"]
[Date "2022.06.11"]
[Round "1"]
[White "Le, Thi Thuan Loi"]
[Black "Tran, Phuong Vi"]
[Result "0-1"]
[WhiteElo "2110"]
[BlackElo "2093"]
[PlyCount "68"]
[EventDate "2022.06.11"]
[EventType "swiss"]
[EventRounds "9"]
[EventCountry "VIE"]
[SourceTitle "EXT 2023"]
[Source "ChessBase"]
[SourceDate "2022.10.05"]
[SourceVersion "1"]
[SourceVersionDate "2022.10.05"]
[SourceQuality "1"]

1. d4 g6 2. Nf3 Nf6 3. c4 Bg7 4. g3 0-0 5. Bg2 d6 6. 0-0 Nc6 7. Nc3 e5 8. dxe5 dxe5 9. Qxd8 Rxd8 10. Bg5 Be6 11. Nd2 h6 12. Bxf6 Bxf6 13. Rfd1 Bg7 14. Nd5 Rac8 15. Rab1 f5 16. b4 e4 17. Nf1 Bxd5 18. cxd5 Nd4 19. e3 Ne2+ 20. Kh1 Nc3 21. Rbc1 Nxd1 22. Rxd1 c6 23. d6 Be5 24. g4 Rxd6 25. Rxd6 Bxd6 26. gxf5 gxf5 27. a3 Kf7 28. Bh3 Kf6 29. Nd2 Rd8 30. Nc4 Bc7 31. Bf1 b5 32. Na5 Bxa5 33. bxa5 Rd1 34. Kg2 Ra1 0-1